[Event "World Chess Olympiad 2018"]
[Site "Batumi"]
[Date "2018.09.28"]
[Round "5"]
[Board "1"]
[WhiteFideId "4700236"]
[White "Dervishi Erald"]
[BlackFideId "3100197"]
[Black "Almedina Ortiz Edgardo J."]
[Result "0-1"]
[LiveChessVersion "1.4.8"]
[BlackElo "2216"]
[WhiteElo "2567"]

1. e4 {[%clk 1:30:03]} e5 {[%clk 1:30:48]} 2. Nf3 {[%clk 1:30:28]} Nf6
{[%clk 1:31:08]} 3. d3 {[%clk 1:29:48]} Nc6 {[%clk 1:31:09]} 4. g3
{[%clk 1:29:42]} d5 {[%clk 1:27:02]} 5. exd5 {[%clk 1:28:04]} Nxd5
{[%clk 1:27:07]} 6. Bg2 {[%clk 1:27:59]} Bc5 {[%clk 1:17:22]} 7. O-O
{[%clk 1:22:35]} O-O {[%clk 1:15:37]} 8. Nc3 {[%clk 1:22:51]} Nxc3
{[%clk 1:08:02]} 9. bxc3 {[%clk 1:22:42]} Rb8 {[%clk 1:08:24]} 10. Re1
{[%clk 1:20:58]} f6 {[%clk 1:08:12]} 11. Nd2 {[%clk 1:11:55]} Qd7
{[%clk 1:06:17]} 12. Ne4 {[%clk 1:05:08]} Be7 {[%clk 1:06:11]} 13. h3
{[%clk 0:51:35]} b6 {[%clk 0:58:55]} 14. g4 {[%clk 0:47:52]} Bb7 {[%clk 0:58:35]}
15. a4 {[%clk 0:48:08]} Na5 {[%clk 0:54:37]} 16. Bd2 {[%clk 0:44:46]} Rbd8
{[%clk 0:51:53]} 17. c4 {[%clk 0:39:05]} Bc6 {[%clk 0:47:20]} 18. Qe2
{[%clk 0:16:07]} Kh8 {[%clk 0:16:36]} 19. Red1 {[%clk 0:08:42]} Nb7
{[%clk 0:14:23]} 20. a5 {[%clk 0:08:37]} Nc5 {[%clk 0:13:28]} 21. Ng3
{[%clk 0:07:04]} Bxg2 {[%clk 0:13:20]} 22. Kxg2 {[%clk 0:07:32]} Ne6
{[%clk 0:13:17]} 23. Be3 {[%clk 0:06:49]} Bc5 {[%clk 0:10:21]} 24. Qf3
{[%clk 0:06:22]} Bd4 {[%clk 0:10:17]} 25. Ra2 {[%clk 0:06:21]} g6
{[%clk 0:09:35]} 26. axb6 {[%clk 0:05:03]} cxb6 {[%clk 0:08:04]} 27. Bxd4
{[%clk 0:04:44]} Nxd4 {[%clk 0:08:30]} 28. Qe4 {[%clk 0:05:00]} Ne6
{[%clk 0:05:37]} 29. Rda1 {[%clk 0:05:17]} Ng5 {[%clk 0:05:31]} 30. Qe3
{[%clk 0:05:22]} Qc6+ {[%clk 0:04:00]} 31. f3 {[%clk 0:05:50]} a5
{[%clk 0:03:56]} 32. Rb1 {[%clk 0:06:10]} Rb8 {[%clk 0:03:16]} 33. Rab2
{[%clk 0:06:29]} a4 {[%clk 0:03:12]} 34. h4 {[%clk 0:02:37]} Ne6 {[%clk 0:02:09]}
35. Rxb6 {[%clk 0:02:51]} Qa8 {[%clk 0:02:00]} 36. Ne2 {[%clk 0:01:32]} a3
{[%clk 0:01:52]} 37. Ra1 {[%clk 0:00:38]} a2 {[%clk 0:01:09]} 38. Rxb8
{[%clk 0:00:32]} Rxb8 {[%clk 0:01:26]} 39. Qe4 {[%clk 0:00:33]} Qxe4
{[%clk 0:00:46]} 40. fxe4 {[%clk 0:31:01]} Rb2 {[%clk 0:31:14]} 41. Nc1
{[%clk 0:18:10]} Rb1 {[%clk 0:21:21]} 42. Nb3 {[%clk 0:18:18]} Rb2
{[%clk 0:20:52]} 43. Nc1 {[%clk 0:16:39]} Rxc2+ {[%clk 0:21:06]} 44. Kf1
{[%clk 0:16:57]} Nc5 {[%clk 0:21:23]} 45. Nxa2 {[%clk 0:16:11]} Nb3
{[%clk 0:19:13]} 0-1

[Event "World Chess Olympiad 2018"]
[Site "Batumi"]
[Date "2018.09.28"]
[Round "5"]
[Board "2"]
[WhiteFideId "3100022"]
[White "Sosa Trani Luis A."]
[BlackFideId "4701178"]
[Black "Pasko Llambi"]
[Result "0-1"]
[LiveChessVersion "1.4.8"]
[BlackElo "2386"]
[WhiteElo "2054"]

1. e4 {[%clk 1:30:55]} c6 {[%clk 1:30:00]} 2. d4 {[%clk 1:31:17]} d5
{[%clk 1:30:19]} 3. exd5 {[%clk 1:31:39]} cxd5 {[%clk 1:30:44]} 4. c4
{[%clk 1:32:05]} Nf6 {[%clk 1:31:07]} 5. Nc3 {[%clk 1:32:26]} g6 {[%clk 1:31:17]}
6. cxd5 {[%clk 1:32:18]} Bg7 {[%clk 1:31:33]} 7. Bb5+ {[%clk 1:32:12]} Bd7
{[%clk 1:30:50]} 8. Bc4 {[%clk 1:31:50]} O-O {[%clk 1:30:48]} 9. Nge2
{[%clk 1:30:30]} b5 {[%clk 1:28:49]} 10. Bb3 {[%clk 1:15:02]} b4 {[%clk 1:24:26]}
11. Na4 {[%clk 1:11:42]} Bb5 {[%clk 1:24:49]} 12. Be3 {[%clk 1:09:51]} Nxd5
{[%clk 1:24:38]} 13. O-O {[%clk 1:08:03]} Nc6 {[%clk 1:23:01]} 14. Rc1
{[%clk 1:05:45]} Nxe3 {[%clk 1:17:19]} 15. fxe3 {[%clk 1:06:11]} Na5
{[%clk 1:17:45]} 16. Rc5 {[%clk 0:53:15]} Rb8 {[%clk 1:17:39]} 17. Qd2
{[%clk 0:44:07]} Qd7 {[%clk 1:12:10]} 18. Qc2 {[%clk 0:30:34]} Nxb3
{[%clk 1:12:25]} 19. axb3 Qe6 20. Rf3 {[%clk 0:17:10]} Bxe2 {[%clk 1:11:26]} 21.
d5 {[%clk 0:17:10]} Qa6 {[%clk 1:11:41]} 0-1

[Event "World Chess Olympiad 2018"]
[Site "Batumi"]
[Date "2018.09.28"]
[Round "5"]
[Board "3"]
[WhiteFideId "4700066"]
[White "Ashiku Franc"]
[BlackFideId "3105873"]
[Black "Mejias Nunez Rafael E."]
[Result "1-0"]
[LiveChessVersion "1.4.8"]
[BlackElo "1943"]
[WhiteElo "2373"]

1. Nf3 {[%clk 1:30:56]} d5 {[%clk 1:26:54]} 2. g3 {[%clk 1:31:10]} Nf6
{[%clk 1:26:32]} 3. Bg2 {[%clk 1:31:26]} Bg4 {[%clk 1:26:22]} 4. c4
{[%clk 1:31:26]} c6 {[%clk 1:25:44]} 5. Ne5 {[%clk 1:30:54]} Be6 {[%clk 1:23:54]}
6. cxd5 {[%clk 1:24:39]} Bxd5 {[%clk 1:23:57]} 7. Nf3 {[%clk 1:25:01]} c5
{[%clk 1:23:30]} 8. O-O {[%clk 1:23:52]} g6 {[%clk 1:17:44]} 9. Nc3
{[%clk 1:23:53]} Bc6 {[%clk 1:18:12]} 10. d4 {[%clk 1:12:56]} cxd4
{[%clk 1:16:39]} 11. Qxd4 {[%clk 1:11:51]} Qxd4 {[%clk 1:16:07]} 12. Nxd4
{[%clk 1:12:16]} Bxg2 {[%clk 1:16:34]} 13. Kxg2 {[%clk 1:12:38]} Bg7
{[%clk 1:17:01]} 14. Ndb5 {[%clk 1:12:50]} Na6 {[%clk 1:17:29]} 15. Be3
{[%clk 1:12:17]} Ng4 {[%clk 1:00:25]} 16. Bxa7 {[%clk 1:10:57]} O-O
{[%clk 1:00:18]} 17. Rfd1 {[%clk 1:09:15]} Rfd8 {[%clk 0:57:57]} 18. Bb6
{[%clk 1:08:31]} Rxd1 {[%clk 0:54:16]} 19. Rxd1 {[%clk 1:08:39]} Ne5
{[%clk 0:54:41]} 20. b3 {[%clk 1:05:19]} Nb4 {[%clk 0:51:18]} 21. a3
{[%clk 1:03:50]} Nc2 {[%clk 0:51:06]} 22. Bc5 {[%clk 1:03:09]} Rc8
{[%clk 0:50:16]} 23. Bxe7 {[%clk 0:58:27]} Nc6 {[%clk 0:45:32]} 24. Bd6
{[%clk 0:53:12]} Na5 {[%clk 0:41:32]} 25. Nd5 {[%clk 0:52:32]} Nc6
{[%clk 0:31:14]} 26. e3 {[%clk 0:51:03]} h6 {[%clk 0:30:22]} 27. Ne7+
{[%clk 0:39:53]} Nxe7 {[%clk 0:30:27]} 28. Bxe7 {[%clk 0:40:18]} Na1
{[%clk 0:28:00]} 29. b4 {[%clk 0:38:36]} Nb3 {[%clk 0:25:33]} 30. Rd7
{[%clk 0:38:42]} Rc2 {[%clk 0:25:08]} 31. Rxb7 {[%clk 0:36:35]} Nd2
{[%clk 0:24:58]} 32. Nd6 {[%clk 0:36:37]} Be5 {[%clk 0:24:55]} 33. Rb8+
{[%clk 0:35:29]} Kh7 {[%clk 0:24:47]} 34. Rc8 {[%clk 0:35:37]} Ra2
{[%clk 0:24:28]} 35. Nc4 {[%clk 0:34:47]} Nxc4 {[%clk 0:24:10]} 36. Rxc4
{[%clk 0:35:11]} Rxa3 {[%clk 0:24:37]} 37. f4 {[%clk 0:32:53]} Bg7
{[%clk 0:24:18]} 38. Kf3 {[%clk 0:32:55]} Rb3 {[%clk 0:23:57]} 39. Bc5
{[%clk 0:32:35]} 1-0

[Event "World Chess Olympiad 2018"]
[Site "Batumi"]
[Date "2018.09.28"]
[Round "5"]
[Board "4"]
[WhiteFideId "3100715"]
[White "Diaz Montes Edwin"]
[BlackFideId "4700031"]
[Black "Seitaj Ilir"]
[Result "0-1"]
[LiveChessVersion "1.4.8"]
[BlackElo "2360"]
[WhiteElo "2034"]

1. Nf3 {[%clk 1:29:15]} Nf6 {[%clk 1:30:50]} 2. c4 {[%clk 1:29:39]} e6
{[%clk 1:31:04]} 3. g3 {[%clk 1:30:03]} d5 {[%clk 1:31:19]} 4. Bg2
{[%clk 1:30:25]} Be7 {[%clk 1:31:10]} 5. O-O {[%clk 1:30:49]} O-O
{[%clk 1:31:34]} 6. b3 {[%clk 1:31:11]} c5 {[%clk 1:31:08]} 7. Bb2
{[%clk 1:30:44]} Nc6 {[%clk 1:31:29]} 8. e3 {[%clk 1:29:16]} b6 {[%clk 1:30:01]}
9. cxd5 {[%clk 1:28:58]} Nxd5 {[%clk 1:28:22]} 10. d4 {[%clk 1:23:04]} Ba6
{[%clk 1:28:02]} 11. Re1 {[%clk 1:23:24]} Rc8 {[%clk 1:27:25]} 12. a3
{[%clk 1:11:27]} cxd4 {[%clk 1:20:42]} 13. Nxd4 {[%clk 1:11:29]} Nxd4
{[%clk 1:14:54]} 14. Bxd4 {[%clk 1:10:58]} Bf6 {[%clk 1:14:53]} 15. Ra2
{[%clk 0:55:48]} Bxd4 {[%clk 1:00:11]} 16. Qxd4 {[%clk 0:55:53]} Nc3
{[%clk 0:59:09]} 17. Nxc3 {[%clk 0:56:18]} Qxd4 {[%clk 0:59:33]} 18. exd4
{[%clk 0:56:45]} Rxc3 {[%clk 0:59:55]} 19. d5 {[%clk 0:57:11]} Bc8
{[%clk 0:58:32]} 20. Rd2 {[%clk 0:49:05]} g6 {[%clk 0:56:10]} 21. Red1
{[%clk 0:32:57]} Rxb3 {[%clk 0:54:31]} 22. d6 {[%clk 0:33:16]} Bd7
{[%clk 0:54:50]} 23. Rc1 {[%clk 0:29:15]} Rxa3 {[%clk 0:54:54]} 24. Bb7
{[%clk 0:26:38]} Rd8 {[%clk 0:52:16]} 25. Rc7 {[%clk 0:26:23]} b5
{[%clk 0:50:05]} 26. Bc6 {[%clk 0:14:02]} Bxc6 {[%clk 0:50:09]} 27. Rxc6
{[%clk 0:14:27]} b4 {[%clk 0:49:28]} 28. Rc7 {[%clk 0:13:25]} b3 {[%clk 0:45:53]}
29. d7 {[%clk 0:12:17]} Kf8 {[%clk 0:46:05]} 0-1

[Event "World Chess Olympiad 2018"]
[Site "Batumi"]
[Date "2018.09.28"]
[Round "5"]
[Board "1"]
[WhiteFideId "6400361"]
[White "Munoz Santana Jose Lisandro"]
[BlackFideId "6100031"]
[Black "Lacayo Rene"]
[Result "1-0"]
[LiveChessVersion "1.4.8"]
[BlackElo "2228"]
[WhiteElo "2434"]

1. c4 {[%clk 1:30:48]} e6 {[%clk 1:30:34]} 2. Nf3 {[%clk 1:30:36]} d5
{[%clk 1:30:58]} 3. g3 {[%clk 1:30:39]} c6 {[%clk 1:30:55]} 4. Bg2
{[%clk 1:28:56]} Nf6 {[%clk 1:31:15]} 5. O-O {[%clk 1:27:15]} Nbd7
{[%clk 1:30:49]} 6. d4 {[%clk 1:21:55]} Be7 {[%clk 1:31:07]} 7. Qc2
{[%clk 1:21:34]} O-O {[%clk 1:30:19]} 8. Rd1 {[%clk 1:21:44]} b6 {[%clk 1:27:39]}
9. Nc3 {[%clk 1:19:51]} Bb7 {[%clk 1:24:41]} 10. b3 {[%clk 1:18:39]} Rc8
{[%clk 1:24:50]} 11. e4 {[%clk 1:18:42]} c5 {[%clk 1:16:08]} 12. exd5
{[%clk 1:10:21]} exd5 {[%clk 1:14:31]} 13. Be3 {[%clk 1:04:05]} Re8
{[%clk 0:35:19]} 14. Ne5 {[%clk 0:54:46]} Nf8 {[%clk 0:24:48]} 15. dxc5
{[%clk 0:35:22]} Bxc5 {[%clk 0:24:39]} 16. Bxc5 {[%clk 0:34:52]} Rxc5
{[%clk 0:24:32]} 17. Nd3 {[%clk 0:30:42]} Rc7 {[%clk 0:23:16]} 18. Nf4
{[%clk 0:30:56]} d4 {[%clk 0:17:08]} 19. Nb5 {[%clk 0:12:54]} Bxg2
{[%clk 0:13:43]} 20. Rxd4 {[%clk 0:12:50]} Be4 {[%clk 0:12:54]} 21. Rxd8
{[%clk 0:12:13]} Bxc2 {[%clk 0:13:17]} 22. Rxe8 {[%clk 0:12:28]} Nxe8
{[%clk 0:13:46]} 23. Rc1 {[%clk 0:10:26]} Bf5 {[%clk 0:11:11]} 24. Nxc7
{[%clk 0:10:31]} Nxc7 {[%clk 0:11:40]} 25. Nd5 {[%clk 0:10:46]} Nxd5
{[%clk 0:07:10]} 26. cxd5 {[%clk 0:11:14]} g5 {[%clk 0:07:16]} 27. Rc7
{[%clk 0:11:30]} a5 {[%clk 0:06:39]} 28. f3 {[%clk 0:10:06]} Kg7 {[%clk 0:04:04]}
29. Rb7 {[%clk 0:10:23]} Bb1 {[%clk 0:03:47]} 30. a3 {[%clk 0:10:35]} Ba2
{[%clk 0:02:54]} 31. d6 {[%clk 0:09:56]} Bxb3 {[%clk 0:02:03]} 32. d7
{[%clk 0:10:06]} Nxd7 {[%clk 0:01:50]} 33. Rxd7 {[%clk 0:10:28]} b5
{[%clk 0:02:18]} 34. Kf2 {[%clk 0:09:04]} Kf6 {[%clk 0:02:23]} 35. Ke3
{[%clk 0:08:05]} Ke5 {[%clk 0:02:05]} 36. Rb7 {[%clk 0:07:06]} Bc4
{[%clk 0:01:47]} 37. Rb6 {[%clk 0:02:26]} Kd5 {[%clk 0:00:44]} 38. Rf6
{[%clk 0:02:26]} Ke5 {[%clk 0:00:49]} 39. Rh6 {[%clk 0:02:48]} b4
{[%clk 0:00:38]} 40. axb4 {[%clk 0:33:02]} axb4 {[%clk 0:31:07]} 41. Rxh7
{[%clk 0:33:15]} b3 {[%clk 0:31:12]} 42. Rh8 {[%clk 0:33:29]} Be6
{[%clk 0:29:48]} 43. Rb8 {[%clk 0:25:14]} Kf5 {[%clk 0:20:22]} 44. Kd4
{[%clk 0:24:38]} Kf6 {[%clk 0:19:22]} 45. Rb5 {[%clk 0:24:22]} Kg6
{[%clk 0:17:57]} 46. Kc3 {[%clk 0:23:58]} Kf6 {[%clk 0:17:56]} 47. Rxb3
{[%clk 0:12:28]} Bxb3 {[%clk 0:18:18]} 48. Kxb3 {[%clk 0:12:53]} Ke5
{[%clk 0:18:44]} 49. Kc4 {[%clk 0:13:12]} f5 {[%clk 0:18:59]} 50. Kd3
{[%clk 0:12:12]} f4 {[%clk 0:11:36]} 51. g4 {[%clk 0:12:09]} Kd5 {[%clk 0:12:00]}
52. h3 {[%clk 0:12:32]} Kc5 {[%clk 0:12:19]} 53. Ke4 {[%clk 0:12:44]} Kc4
{[%clk 0:11:27]} 54. h4 {[%clk 0:12:52]} gxh4 {[%clk 0:11:55]} 55. Kxf4
{[%clk 0:13:15]} 1-0

[Event "World Chess Olympiad 2018"]
[Site "Batumi"]
[Date "2018.09.28"]
[Round "5"]
[Board "2"]
[WhiteFideId "6100775"]
[White "Rocha Maximiliano"]
[BlackFideId "6405525"]
[Black "Abreu Jean Carlos Paul"]
[Result "0-1"]
[LiveChessVersion "1.4.8"]
[BlackElo "2310"]
[WhiteElo "2185"]

1. e4 {[%clk 1:30:56]} Nf6 {[%clk 1:30:51]} 2. e5 {[%clk 1:31:12]} Nd5
{[%clk 1:31:16]} 3. d4 {[%clk 1:30:42]} d6 {[%clk 1:31:41]} 4. Nf3
{[%clk 1:31:01]} dxe5 {[%clk 1:31:20]} 5. Nxe5 {[%clk 1:30:15]} c6
{[%clk 1:31:24]} 6. Bc4 {[%clk 1:27:46]} g6 {[%clk 1:29:44]} 7. Qf3
{[%clk 1:22:50]} Be6 {[%clk 1:28:27]} 8. Nc3 {[%clk 1:23:09]} Bg7
{[%clk 1:25:29]} 9. Nxd5 {[%clk 1:20:43]} Bxd5 {[%clk 1:23:33]} 10. Bxd5
{[%clk 1:18:05]} Qxd5 {[%clk 1:23:52]} 11. Qxd5 {[%clk 1:18:28]} cxd5
{[%clk 1:24:16]} 12. Nf3 {[%clk 1:13:39]} Nc6 {[%clk 1:20:53]} 13. c3
{[%clk 1:14:05]} f6 {[%clk 1:20:40]} 14. Be3 {[%clk 1:13:17]} Kf7
{[%clk 1:19:56]} 15. O-O-O {[%clk 1:11:09]} b5 {[%clk 1:19:13]} 16. Kb1
{[%clk 1:06:44]} Rhc8 {[%clk 1:16:14]} 17. Ne1 {[%clk 1:06:49]} e6
{[%clk 1:16:12]} 18. Nd3 {[%clk 1:04:24]} Bf8 {[%clk 1:13:17]} 19. g4
{[%clk 1:00:44]} h6 {[%clk 1:00:50]} 20. h4 {[%clk 1:00:55]} a6 {[%clk 0:57:07]}
21. f4 {[%clk 0:48:47]} Re8 {[%clk 0:43:49]} 22. Bc1 {[%clk 0:44:04]} h5
{[%clk 0:39:11]} 23. g5 {[%clk 0:27:50]} f5 {[%clk 0:39:26]} 24. b4
{[%clk 0:28:18]} Bd6 {[%clk 0:37:27]} 25. Rh2 {[%clk 0:25:51]} Nb8
{[%clk 0:34:40]} 26. a3 {[%clk 0:24:59]} Nd7 {[%clk 0:34:33]} 27. Ra2
{[%clk 0:25:16]} Nb6 {[%clk 0:34:35]} 28. Re1 {[%clk 0:22:47]} Rac8
{[%clk 0:20:06]} 29. Rc2 {[%clk 0:22:29]} Nc4 {[%clk 0:19:11]} 30. Ree2
{[%clk 0:22:34]} a5 {[%clk 0:19:01]} 31. Rf2 {[%clk 0:19:39]} Rc6
{[%clk 0:16:23]} 32. Rfe2 {[%clk 0:19:41]} Rec8 {[%clk 0:16:19]} 33. Ka2
{[%clk 0:13:13]} Ra8 {[%clk 0:14:57]} 34. Kb1 {[%clk 0:13:36]} Rca6
{[%clk 0:13:17]} 35. Ra2 {[%clk 0:13:48]} Nb6 {[%clk 0:13:21]} 36. Rec2
{[%clk 0:09:03]} Ke7 {[%clk 0:12:49]} 37. Bd2 {[%clk 0:08:57]} Nc4
{[%clk 0:12:37]} 38. Bc1 {[%clk 0:08:00]} Kd7 {[%clk 0:13:00]} 39. Re2
{[%clk 0:07:58]} R6a7 {[%clk 0:11:19]} 40. Nb2 {[%clk 0:36:28]} axb4
{[%clk 0:40:26]} 41. Nxc4 {[%clk 0:36:56]} dxc4 {[%clk 0:40:05]} 42. cxb4 Re8
{[%clk 0:26:09]} 43. Re1 {[%clk 0:33:59]} Kc6 {[%clk 0:25:12]} 44. Kb2
{[%clk 0:33:24]} Ra4 {[%clk 0:23:47]} 45. Re2 {[%clk 0:33:29]} Kd5
{[%clk 0:23:09]} 46. Kc3 {[%clk 0:33:41]} Rea8 {[%clk 0:22:33]} 47. Rac2
{[%clk 0:33:26]} R8a6 {[%clk 0:22:04]} 48. Re1 {[%clk 0:32:28]} Rxa3+
{[%clk 0:21:32]} 49. Bxa3 {[%clk 0:32:52]} Rxa3+ {[%clk 0:21:57]} 50. Kb2
{[%clk 0:33:17]} Rb3+ {[%clk 0:22:19]} 51. Ka2 {[%clk 0:33:35]} Rxb4
{[%clk 0:22:35]} 52. Rce2 {[%clk 0:33:50]} Ra4+ {[%clk 0:22:07]} 53. Kb1
{[%clk 0:33:50]} b4 {[%clk 0:22:06]} 54. Rxe6 {[%clk 0:33:50]} b3
{[%clk 0:22:19]} 55. Rxd6+ {[%clk 0:33:07]} Kxd6 {[%clk 0:22:40]} 56. Re5
{[%clk 0:33:37]} c3 {[%clk 0:21:36]} 57. Rc5 {[%clk 0:34:06]} c2+
{[%clk 0:21:48]} 58. Kb2 {[%clk 0:34:35]} Rxd4 {[%clk 0:22:07]} 59. Kxb3
{[%clk 0:35:01]} 0-1

[Event "World Chess Olympiad 2018"]
[Site "Batumi"]
[Date "2018.09.28"]
[Round "5"]
[Board "3"]
[WhiteFideId "6400124"]
[White "Dominguez Jose Manuel"]
[BlackFideId "6100457"]
[Black "Alfaro William"]
[Result "1-0"]
[LiveChessVersion "1.4.8"]
[BlackElo "2163"]
[WhiteElo "2283"]

1. Nf3 {[%clk 1:30:32]} Nf6 {[%clk 1:30:46]} 2. b4 {[%clk 1:30:36]} g6
{[%clk 1:27:14]} 3. Bb2 {[%clk 1:31:03]} Bg7 {[%clk 1:27:43]} 4. c4
{[%clk 1:30:34]} d6 {[%clk 1:28:08]} 5. g3 {[%clk 1:22:41]} b6 {[%clk 1:23:14]}
6. Bg2 {[%clk 1:22:03]} Bb7 {[%clk 1:23:42]} 7. d4 {[%clk 1:12:24]} O-O
{[%clk 1:23:23]} 8. O-O {[%clk 1:12:05]} Nbd7 {[%clk 1:23:01]} 9. Nbd2
{[%clk 1:10:08]} a5 {[%clk 1:21:23]} 10. b5 {[%clk 1:02:40]} Qb8 {[%clk 1:08:48]}
11. Qc2 {[%clk 1:01:12]} Re8 {[%clk 1:07:46]} 12. Rac1 {[%clk 0:59:30]} e5
{[%clk 0:45:52]} 13. e3 {[%clk 0:49:21]} Qa7 {[%clk 0:41:22]} 14. Rfe1
{[%clk 0:37:46]} Rad8 {[%clk 0:34:22]} 15. Ba3 {[%clk 0:23:14]} Bf8
{[%clk 0:25:03]} 16. Qb3 {[%clk 0:21:36]} Qa8 {[%clk 0:21:33]} 17. d5
{[%clk 0:21:25]} Bg7 {[%clk 0:17:42]} 18. h3 {[%clk 0:21:26]} Rf8
{[%clk 0:17:56]} 19. Rcd1 {[%clk 0:21:19]} h6 {[%clk 0:18:07]} 20. Qb1
{[%clk 0:20:52]} Bc8 {[%clk 0:17:17]} 21. Nh4 {[%clk 0:21:01]} Qb8
{[%clk 0:11:35]} 22. Kh2 {[%clk 0:21:11]} Nc5 {[%clk 0:11:44]} 23. f4
{[%clk 0:20:31]} exf4 {[%clk 0:09:09]} 24. gxf4 {[%clk 0:18:03]} Rde8
{[%clk 0:07:16]} 25. Bf3 {[%clk 0:12:35]} Bd7 {[%clk 0:06:53]} 26. Rg1
{[%clk 0:08:08]} Rxe3 {[%clk 0:04:11]} 27. Bb2 {[%clk 0:08:14]} Qe8
{[%clk 0:01:25]} 28. Nf1 {[%clk 0:04:47]} Rxf3 {[%clk 0:01:01]} 29. Nxf3
{[%clk 0:05:15]} Qe2+ {[%clk 0:01:23]} 30. Rg2 {[%clk 0:00:47]} Qxf3
{[%clk 0:01:42]} 31. Ng3 {[%clk 0:00:45]} Ne8 {[%clk 0:00:52]} 32. Rf1
{[%clk 0:00:34]} Qd3 {[%clk 0:01:21]} 33. Qe1 {[%clk 0:00:55]} Bxb2
{[%clk 0:01:40]} 34. Rxb2 {[%clk 0:01:12]} Ng7 {[%clk 0:02:05]} 35. Rg2
{[%clk 0:00:55]} Nf5 {[%clk 0:01:34]} 36. Nh5 {[%clk 0:01:18]} Ng7
{[%clk 0:00:46]} 37. Nf6+ {[%clk 0:01:41]} Kh8 {[%clk 0:01:06]} 38. Qe7
{[%clk 0:01:11]} Bxh3 {[%clk 0:00:41]} 39. Qxf8# {[%clk 0:01:38]} 1-0

[Event "World Chess Olympiad 2018"]
[Site "Batumi"]
[Date "2018.09.28"]
[Round "5"]
[Board "4"]
[WhiteFideId "6100376"]
[White "Picado Jorge"]
[BlackFideId "6405096"]
[Black "Guzman Christopher"]
[Result "1/2-1/2"]
[LiveChessVersion "1.4.8"]
[BlackElo "2283"]
[WhiteElo "2143"]

1. c4 {[%clk 1:30:49]} c5 {[%clk 1:27:46]} 2. Nc3 {[%clk 1:31:09]} Nc6
{[%clk 1:28:11]} 3. g3 {[%clk 1:31:29]} g6 {[%clk 1:28:33]} 4. Bg2
{[%clk 1:31:56]} Bg7 {[%clk 1:29:00]} 5. e3 {[%clk 1:28:29]} Nf6 {[%clk 1:25:14]}
6. Nge2 {[%clk 1:20:12]} O-O {[%clk 1:22:06]} 7. d4 {[%clk 1:14:12]} cxd4
{[%clk 1:21:38]} 8. exd4 {[%clk 1:14:17]} d6 {[%clk 1:21:03]} 9. O-O
{[%clk 1:10:53]} Bf5 {[%clk 1:20:45]} 10. b3 {[%clk 1:08:39]} Qd7
{[%clk 1:11:08]} 11. Ba3 {[%clk 0:58:41]} Rac8 {[%clk 1:05:27]} 12. Qd2
{[%clk 0:58:21]} Bh3 {[%clk 1:05:31]} 13. Rad1 {[%clk 0:55:59]} Bxg2
{[%clk 1:02:58]} 14. Kxg2 {[%clk 0:54:38]} Qf5 {[%clk 1:02:35]} 15. d5
{[%clk 0:42:37]} Nb8 {[%clk 1:01:01]} 16. Qe3 {[%clk 0:39:33]} Nbd7
{[%clk 1:00:17]} 17. Nd4 {[%clk 0:29:27]} Qe5 {[%clk 0:56:39]} 18. Qf3
{[%clk 0:23:04]} Qh5 {[%clk 0:55:03]} 19. Qxh5 {[%clk 0:22:40]} Nxh5
{[%clk 0:55:29]} 20. Rfe1 {[%clk 0:22:24]} Rfe8 {[%clk 0:55:33]} 21. f4
{[%clk 0:22:38]} a6 {[%clk 0:54:25]} 22. Re3 {[%clk 0:21:35]} Nc5
{[%clk 0:49:58]} 23. Kf3 {[%clk 0:21:14]} f5 {[%clk 0:37:23]} 24. h3
{[%clk 0:18:09]} Bxd4 {[%clk 0:37:27]} 25. Rxd4 {[%clk 0:18:20]} Nf6
{[%clk 0:37:54]} 26. Bxc5 {[%clk 0:16:17]} Rxc5 {[%clk 0:38:00]} 27. g4
{[%clk 0:15:16]} Kf7 {[%clk 0:35:49]} 28. Rd1 {[%clk 0:12:04]} b5
{[%clk 0:29:22]} 29. g5 {[%clk 0:11:20]} Nh5 {[%clk 0:28:54]} 30. cxb5
{[%clk 0:08:34]} axb5 {[%clk 0:27:49]} 31. a3 {[%clk 0:08:46]} Ra8
{[%clk 0:22:08]} 32. b4 {[%clk 0:08:18]} Rc4 {[%clk 0:22:35]} 33. Ne2
{[%clk 0:08:47]} Rac8 {[%clk 0:22:24]} 34. Nd4 {[%clk 0:07:29]} R8c7
{[%clk 0:21:17]} 35. Red3 {[%clk 0:06:46]} Rc8 {[%clk 0:21:14]} 36. Re1
{[%clk 0:06:21]} R8c7 {[%clk 0:21:30]} 1/2-1/2

[Event "World Chess Olympiad 2018"]
[Site "Batumi"]
[Date "2018.09.28"]
[Round "5"]
[Board "1"]
[WhiteFideId "208078"]
[White "Godart Francois"]
[BlackFideId "20500220"]
[Black "Mphungu Gerrard"]
[Result "1-0"]
[LiveChessVersion "1.4.8"]
[BlackElo "2091"]
[WhiteElo "2431"]

1. d4 {[%clk 1:30:57]} d5 {[%clk 1:30:56]} 2. Nf3 {[%clk 1:31:11]} Nf6
{[%clk 1:31:20]} 3. c4 {[%clk 1:31:29]} e6 {[%clk 1:31:34]} 4. g3
{[%clk 1:31:51]} dxc4 {[%clk 1:31:55]} 5. Bg2 {[%clk 1:32:07]} c5
{[%clk 1:32:12]} 6. O-O {[%clk 1:32:00]} Nc6 {[%clk 1:32:14]} 7. Qa4
{[%clk 1:32:01]} Bd7 {[%clk 1:31:32]} 8. Qxc4 {[%clk 1:32:06]} b5
{[%clk 1:24:51]} 9. Qd3 {[%clk 1:32:19]} Rc8 {[%clk 1:24:22]} 10. dxc5
{[%clk 1:02:43]} Nb4 {[%clk 1:17:45]} 11. Qb3 {[%clk 1:00:18]} Bxc5
{[%clk 1:15:41]} 12. Nc3 {[%clk 1:00:40]} Nbd5 {[%clk 1:07:07]} 13. Ne5
{[%clk 0:58:42]} Nxc3 {[%clk 1:03:07]} 14. bxc3 {[%clk 0:57:55]} Qb6
{[%clk 0:37:35]} 15. Rb1 {[%clk 0:44:56]} O-O {[%clk 0:32:35]} 16. Nxd7
{[%clk 0:44:22]} Nxd7 {[%clk 0:32:30]} 17. Qxb5 {[%clk 0:43:30]} Qxb5
{[%clk 0:28:20]} 18. Rxb5 {[%clk 0:43:54]} Bb6 {[%clk 0:28:43]} 19. Ba3
{[%clk 0:41:06]} Rfd8 {[%clk 0:27:34]} 20. Rd1 {[%clk 0:40:44]} Nf6
{[%clk 0:26:43]} 21. Rxd8+ {[%clk 0:40:12]} Rxd8 {[%clk 0:27:08]} 22. Bf3
{[%clk 0:39:28]} Nd5 {[%clk 0:20:08]} 23. c4 {[%clk 0:33:11]} Nc3
{[%clk 0:19:48]} 24. Rb3 {[%clk 0:33:34]} Na4 {[%clk 0:15:22]} 25. Bc6
{[%clk 0:33:30]} Nc5 {[%clk 0:15:01]} 26. Rb5 {[%clk 0:28:01]} Rc8
{[%clk 0:14:45]} 27. Bxc5 {[%clk 0:17:37]} Bxc5 {[%clk 0:06:02]} 28. Rxc5
{[%clk 0:17:54]} Kf8 {[%clk 0:06:14]} 29. Kf1 {[%clk 0:16:28]} a6
{[%clk 0:06:14]} 30. e4 {[%clk 0:14:27]} f6 {[%clk 0:03:27]} 31. f4
{[%clk 0:14:52]} e5 {[%clk 0:02:54]} 32. fxe5 {[%clk 0:15:17]} fxe5
{[%clk 0:03:23]} 33. Ke2 {[%clk 0:15:35]} Rc7 {[%clk 0:02:32]} 34. Kd3
{[%clk 0:15:54]} Ke7 {[%clk 0:02:40]} 35. Rxe5+ {[%clk 0:16:16]} Kd6
{[%clk 0:03:04]} 36. Rh5 {[%clk 0:16:41]} Kxc6 {[%clk 0:03:03]} 37. Rxh7
{[%clk 0:17:07]} Kc5 {[%clk 0:03:16]} 38. Kc3 {[%clk 0:16:45]} Rf7
{[%clk 0:03:28]} 39. Rh5+ {[%clk 0:16:42]} Kc6 {[%clk 0:03:50]} 40. Rf5
{[%clk 0:46:45]} Re7 {[%clk 0:34:09]} 41. e5 {[%clk 0:44:20]} Kd7
{[%clk 0:29:09]} 42. h4 {[%clk 0:43:28]} Ke6 {[%clk 0:12:48]} 43. Rg5
{[%clk 0:43:45]} a5 {[%clk 0:12:50]} 44. Kb3 {[%clk 0:43:24]} Rb7+
{[%clk 0:12:35]} 45. Ka4 {[%clk 0:43:47]} Rb4+ {[%clk 0:12:14]} 46. Kxa5
{[%clk 0:44:11]} Rxc4 {[%clk 0:12:42]} 47. Rxg7 {[%clk 0:44:32]} Kxe5
{[%clk 0:12:58]} 48. a4 {[%clk 0:44:13]} Kd6 {[%clk 0:12:16]} 49. g4
{[%clk 0:44:27]} Rc8 {[%clk 0:11:42]} 50. h5 {[%clk 0:44:42]} Ra8+
{[%clk 0:11:49]} 51. Kb4 {[%clk 0:45:07]} Rb8+ {[%clk 0:12:07]} 52. Ka3
{[%clk 0:45:33]} Re8 {[%clk 0:12:29]} 53. h6 {[%clk 0:45:46]} Re3+
{[%clk 0:12:50]} 54. Kb2 {[%clk 0:46:05]} Re2+ {[%clk 0:13:15]} 55. Kc3
{[%clk 0:46:33]} Re3+ {[%clk 0:13:38]} 56. Kd2 {[%clk 0:46:59]} 1-0